[Event "SM-2015-0-00322"]
[Site "LSS email"]
[Date "2015.04.20"]
[Round "?"]
[White "Morcin, Tom"]
[Black "Stratta, Rodolfo"]
[Result "1/2-1/2"]
[WhiteElo "2228"]
[BlackElo "2306"]
[PlyCount "51"]
[EventDate "2015.02.18"]
[EventType "tourn (corr)"]
[EventRounds "6"]
[EventCountry "GER"]
[SourceTitle "Corr 2022"]
[Source "ChessBase"]
[SourceDate "2021.10.24"]
[SourceVersion "1"]
[SourceVersionDate "2021.10.24"]
[SourceQuality "1"]

1. e4 e5 2. Nf3 Nc6 3. Bb5 a6 4. Ba4 Nf6 5. 0-0 Nxe4 6. d4 b5 7. Bb3 d5 8. dxe5 Be6 9. Nbd2 Nc5 10. c3 Be7 11. Bc2 d4 12. cxd4 Nxd4 13. Nxd4 Qxd4 14. Nf3 Qxd1 15. Rxd1 0-0 16. Nd4 Rfd8 17. Be3 Bd5 18. Ne2 Bc4 19. Nc3 Kf8 20. f4 Bd3 21. Rac1 Bxc2 22. Rxc2 Rxd1+ 23. Nxd1 Rd8 24. Nf2 Rd5 25. Kf1 f6 26. exf6 1/2-1/2

[Event "SM-2015-0-00322"]
[Site "LSS email"]
[Date "2015.04.20"]
[Round "?"]
[White "Stratta, Rodolfo"]
[Black "Pascual Perez, Norge"]
[Result "1/2-1/2"]
[WhiteElo "2306"]
[BlackElo "2402"]
[PlyCount "92"]
[EventDate "2015.02.18"]
[EventType "tourn (corr)"]
[EventRounds "6"]
[EventCountry "GER"]
[SourceTitle "Corr 2022"]
[Source "ChessBase"]
[SourceDate "2021.10.24"]
[SourceVersion "1"]
[SourceVersionDate "2021.10.24"]
[SourceQuality "1"]

1. d4 Nf6 2. Bg5 c5 3. d5 Ne4 4. Bf4 Qb6 5. Nd2 Qxb2 6. Nxe4 Qb4+ 7. Qd2 Qxe4 8. e3 d6 9. Nf3 Qb4 10. c3 Qa5 11. Be2 g6 12. a4 Bg7 13. Ra3 Nd7 14. e4 Rb8 15. Qc1 0-0 16. 0-0 Nf6 17. Nd2 Qc7 18. Qc2 Bg4 19. Bxg4 Nxg4 20. Nc4 b6 21. h3 Nf6 22. Re1 Rb7 23. Qd2 Nd7 24. Rb3 a6 25. Reb1 Rfb8 26. Na3 Nf6 27. Qd3 Qd7 28. Qc4 h6 29. Bg3 g5 30. f3 Nh5 31. Bh2 Nf4 32. Bxf4 gxf4 33. Kh2 Bf6 34. R1b2 Bh4 35. Rb1 Kg7 36. Kg1 h5 37. Kh1 Bf6 38. Kh2 b5 39. axb5 axb5 40. Nxb5 Ra8 41. Qe2 Be5 42. R3b2 Kh7 43. Kg1 Qe8 44. Qe1 Qh8 45. Kh1 Rab8 46. Qd2 Kg6 1/2-1/2

[Event "SM-2015-0-00322"]
[Site "LSS email"]
[Date "2015.04.20"]
[Round "?"]
[White "Stratta, Rodolfo"]
[Black "Steinke, Ruediger"]
[Result "1/2-1/2"]
[WhiteElo "2306"]
[BlackElo "2344"]
[PlyCount "32"]
[EventDate "2015.02.18"]
[EventType "tourn (corr)"]
[EventRounds "6"]
[EventCountry "GER"]
[SourceTitle "Corr 2022"]
[Source "ChessBase"]
[SourceDate "2021.10.24"]
[SourceVersion "1"]
[SourceVersionDate "2021.10.24"]
[SourceQuality "1"]

1. d4 Nf6 2. Bg5 d5 3. Nf3 Nbd7 4. e3 e6 5. Be2 Be7 6. 0-0 0-0 7. c4 h6 8. Bf4 dxc4 9. Nc3 Nd5 10. Bg3 Nxc3 11. bxc3 b5 12. a4 c6 13. Qc2 a5 14. Rfc1 Ba6 15. Nd2 Nb6 16. axb5 Bxb5 1/2-1/2